00769nam a2200229 a 450000100060000000300090000600500170001500800410003202000150007304000280008804100130011608200170012910000360014624501350018225000120031726000460032930000520037550000220042765000560044970000210050585200130052625533CO-ViMGA20230915232102.0141112s2004 ck r 000 u spa d a9702609896 aCO-ViMGAbspacCO-ViMGA aspa eng04a517.2 P87c91 aPurcell, Edwing Joseph, 1901 - 10aCálculo diferencial e integral / cEdwing J. Purcell, Dale Varberg ; Steven E. Rigdon ; traducción Victor Hugo Ibarra Mercado. a9a. ed. aMéxico : bPearson Educación, c2007. a[505] p. en varias paginaciones : il. ; 27 cm. aIncluye índice.14aCálculo diferencial - Problemas, ejercicios, etc.1 aVarberg, Dale E. 17.648.30